[Event "Vaujany op-B 8th"]
[Site "Vaujany"]
[Date "2017.07.13"]
[Round "1.2"]
[White "Salvi, Michel"]
[Black "David, Pierre Yves"]
[Result "0-1"]
[WhiteElo "1630"]
[BlackElo "1830"]
[PlyCount "85"]
[EventDate "2017.07.13"]
[EventType "swiss"]
[EventRounds "9"]
[EventCountry "FRA"]
[SourceTitle "EXT 2020"]
[Source "ChessBase"]
[SourceDate "2019.10.17"]
[SourceVersion "1"]
[SourceVersionDate "2019.10.17"]
[SourceQuality "1"]

1. e4 d5 2. exd5 Nf6 3. d4 Bg4 4. Be2 Bxe2 5. Nxe2 Qxd5 6. 0-0 Nc6 7. Nbc3 Qh5 8. Bf4 0-0-0 9. Bg3 e5 10. d5 Nb4 11. Re1 Nbxd5 12. Qd3 Nb4 13. Qc4 Nc6 14. b4 Bxb4 15. Reb1 Bc5 16. Rxb7 Kxb7 17. Rb1+ Bb6 18. a4 Rd2 19. Qb5 Rhd8 20. h3 Nd7 21. a5 Nxa5 22. Qxa5 Rxe2 23. Qd5+ Kc8 24. Nb5 Nb8 25. Nxa7+ Bxa7 26. Qb7+ Kd7 27. Qxa7 Rd2 28. Qe3 Rd1+ 29. Rxd1+ Qxd1+ 30. Kh2 Nc6 31. Qg5 Qxc2 32. Qg4+ Ke8 33. f4 Qg6 34. Qe2 e4 35. Qb5 Rd3 36. Be1 Qd6 37. Qf5 e3 38. Qc8+ Nd8 39. Qf5 Ne6 40. Qb5+ Qd7 41. Qb8+ Nd8 42. Qb1 Qd5 43. Qb2 0-1

[Event "Salon de Provence op 7th"]
[Site "Salon de Provence"]
[Date "2016.07.12"]
[Round "5"]
[White "Mohamed, Saeed Laily"]
[Black "Salvi, Michel"]
[Result "0-1"]
[WhiteElo "1589"]
[BlackElo "1721"]
[PlyCount "42"]
[EventDate "2016.07.09"]
[EventType "swiss"]
[EventRounds "9"]
[EventCountry "FRA"]
[SourceTitle "EXT 2019"]
[Source "ChessBase"]
[SourceDate "2018.10.10"]
[SourceVersion "1"]
[SourceVersionDate "2018.10.10"]
[SourceQuality "1"]

1. d4 Nf6 2. c4 d6 3. Nc3 g6 4. e4 Bg7 5. Nf3 0-0 6. Be2 Na6 7. 0-0 c5 8. d5 Nc7 9. h3 Bd7 10. a4 a6 11. a5 Rb8 12. Bf4 b5 13. axb6 Rxb6 14. Qc2 Nxe4 15. Qxe4 Rxb2 16. Rac1 Bf5 17. Qe3 e5 18. Bh6 Qf6 19. Bxg7 Qxg7 20. Ne4 Bxe4 21. Qxe4 f5 0-1

[Event "Salon de Provence op 7th"]
[Site "Salon de Provence"]
[Date "2016.07.12"]
[Round "6"]
[White "Salvi, Michel"]
[Black "Sanchez, Frederic"]
[Result "1-0"]
[WhiteElo "1721"]
[BlackElo "1732"]
[PlyCount "37"]
[EventDate "2016.07.09"]
[EventType "swiss"]
[EventRounds "9"]
[EventCountry "FRA"]
[SourceTitle "EXT 2019"]
[Source "ChessBase"]
[SourceDate "2018.10.10"]
[SourceVersion "1"]
[SourceVersionDate "2018.10.10"]
[SourceQuality "1"]

1. e4 c6 2. d4 d5 3. Nc3 dxe4 4. Nxe4 Bf5 5. Ng3 Bg6 6. h4 h6 7. Nh3 Nf6 8. Nf4 Bh7 9. Be3 e6 10. Bd3 Bxd3 11. Qxd3 Bd6 12. 0-0-0 Qc7 13. Ngh5 Nxh5 14. Nxh5 Rg8 15. Qh7 Kf8 16. Nf6 gxf6 17. Bxh6+ Ke7 18. Qxg8 Qa5 19. Bf8+ 1-0

[Event "Salon de Provence op 6th"]
[Site "Salon de Provence"]
[Date "2015.07.04"]
[Round "9"]
[White "Dhamelincourt, Thomas"]
[Black "Salvi, Michel"]
[Result "1-0"]
[WhiteElo "1550"]
[BlackElo "1771"]
[PlyCount "139"]
[EventDate "2015.07.04"]
[EventType "swiss"]
[EventRounds "9"]
[EventCountry "FRA"]
[SourceTitle "EXT 2016"]
[Source "ChessBase"]
[SourceDate "2015.10.08"]
[SourceVersion "1"]
[SourceVersionDate "2015.10.08"]
[SourceQuality "1"]

1. d4 Nf6 2. c4 g6 3. Nc3 Bg7 4. e4 d6 5. Be3 0-0 6. Bd3 Nbd7 7. Nf3 e5 8. h3 c6 9. 0-0 a6 10. Bc2 Re8 11. Re1 Nf8 12. dxe5 dxe5 13. Qxd8 Rxd8 14. Nxe5 Nxe4 15. Bxe4 Bxe5 16. Bb6 Re8 17. Bc2 Nd7 18. Bd4 Kf8 19. Bxe5 Nxe5 20. c5 f6 21. f4 Nc4 22. Rxe8+ Kxe8 23. Re1+ Kf8 24. Ne4 Bf5 25. g4 Bxe4 26. Rxe4 Nd2 27. Re6 Kf7 28. Rd6 Nf3+ 29. Kf2 Nh4 30. Bb3+ Kg7 31. Rd7+ Kh6 32. Kg3 g5 33. Rxb7 Rd8 34. fxg5+ fxg5 35. Bc2 Ng6 36. Bxg6 hxg6 37. Rb3 Rd5 38. Rb6 Rxc5 39. Rxa6 Kg7 40. Ra3 Rc2 41. Rb3 c5 42. a4 c4 43. Rb7+ Kf6 44. a5 Rc1 45. a6 Ra1 46. a7 Ke6 47. Rb6+ Kf7 48. Rb7+ Ke6 49. Rg7 Kf6 50. Rc7 Ra4 51. Rxc4 Rxa7 52. Rc3 Rb7 53. b3 Rb4 54. Re3 Rf4 55. Rf3 Ke5 56. Rxf4 gxf4+ 57. Kf3 g5 58. b4 Kd5 59. b5 Kc5 60. h4 gxh4 61. Kxf4 h3 62. Kg3 h2 63. Kxh2 Kxb5 64. Kh3 Kc6 65. Kh4 Kd7 66. Kh5 Ke7 67. Kh6 Kf7 68. g5 Kg8 69. Kg6 Kh8 70. Kf7 1-0

[Event "FRA-ch op"]
[Site "Nimes"]
[Date "2014.08.18"]
[Round "2"]
[White "Said, Remi"]
[Black "Salvi, Michel"]
[Result "1-0"]
[WhiteElo "1765"]
[BlackElo "1660"]
[PlyCount "75"]
[EventDate "2014.08.17"]
[EventType "swiss"]
[EventRounds "11"]
[EventCountry "FRA"]
[SourceTitle "EXT 2015"]
[Source "ChessBase"]
[SourceDate "2014.11.20"]
[SourceVersion "1"]
[SourceVersionDate "2014.11.20"]
[SourceQuality "1"]

1. d4 Nf6 2. Nf3 e6 3. e3 c5 4. Nbd2 d5 5. b3 cxd4 6. exd4 Bb4 7. Bb2 Qa5 8. c3 Bd6 9. Bd3 0-0 10. Ne5 Ne4 11. Bxe4 dxe4 12. Nec4 Qg5 13. Nxd6 Qxg2 14. Rf1 Bd7 15. Qh5 Nc6 16. 0-0-0 e5 17. N6xe4 Qg6 18. Nf6+ Qxf6 19. dxe5 Nxe5 20. Qe2 Bf5 21. Ne4 Qh6+ 22. Kb1 Rfe8 23. Ka1 Ng4 24. Rd4 Kh8 25. Qc4 Qh3 26. Nd6 Ne5 27. Qe2 Re7 28. Nxf5 Qxf5 29. Qb5 h6 30. f4 a6 31. fxe5 Qc2 32. Qd3 Qxh2 33. Rd8+ Re8 34. Rxa8 Rxa8 35. c4 a5 36. e6 fxe6 37. Qg6 Rg8 38. Bxg7+ 1-0

[Event "FRA-ch op-C"]
[Site "Nancy"]
[Date "2013.08.21"]
[Round "9"]
[White "De Talance, Aliaume"]
[Black "Salvi, Michel"]
[Result "1-0"]
[WhiteElo "1716"]
[BlackElo "1583"]
[PlyCount "45"]
[EventDate "2013.08.11"]
[EventType "swiss"]
[EventRounds "11"]
[EventCountry "FRA"]
[SourceTitle "CBM 156 Extra"]
[Source "ChessBase"]
[SourceDate "2013.10.22"]
[SourceVersion "1"]
[SourceVersionDate "2013.10.22"]
[SourceQuality "1"]

1. e4 c5 2. Nf3 d6 3. Bb5+ Nd7 4. 0-0 a6 5. Bxd7+ Bxd7 6. h3 Nf6 7. Re1 e5 8. d3 Be7 9. c3 Bc6 10. Nbd2 0-0 11. d4 exd4 12. cxd4 d5 13. e5 Ne4 14. dxc5 Nxf2 15. Kxf2 Bxc5+ 16. Kf1 Bb5+ 17. Re2 Qb6 18. Nb3 Be7 19. Nbd4 Bxe2+ 20. Qxe2 Rac8 21. Nf5 Qe6 22. N3d4 Qd7 23. Qg4 1-0

[Event "Marseille op 5th"]
[Site "Marseille"]
[Date "2012.12.26"]
[Round "4"]
[White "Salvi, Michel"]
[Black "Mishkovski, Lubomir"]
[Result "0-1"]
[WhiteElo "1588"]
[BlackElo "2034"]
[PlyCount "55"]
[EventDate "2012.12.26"]
[EventType "swiss"]
[EventRounds "9"]
[EventCountry "FRA"]
[SourceTitle "EXT 2014"]
[Source "ChessBase"]
[SourceDate "2013.11.20"]
[SourceVersion "1"]
[SourceVersionDate "2013.11.20"]
[SourceQuality "1"]

1. e4 c5 2. Nf3 e6 3. c3 d5 4. Bb5+ Nc6 5. exd5 Qxd5 6. 0-0 Nf6 7. d4 cxd4 8. c4 Qh5 9. Bxc6+ bxc6 10. Nxd4 Qxd1 11. Rxd1 Bd7 12. Nc3 Bb4 13. Nce2 0-0-0 14. a3 Be7 15. h3 c5 16. Nf3 Bc6 17. Rxd8+ Rxd8 18. Ne5 Rd1+ 19. Kh2 Bd6 20. f4 Bxe5 21. fxe5 Nd7 22. b4 Nxe5 23. b5 Bb7 24. Nc3 Rf1 25. h4 Nd3 26. Bb2 Rf2 27. Rc1 Rxg2+ 28. Kh3 0-1

[Event "FRA-ch op-D"]
[Site "Pau"]
[Date "2012.08.24"]
[Round "10"]
[White "Salvi, Michel"]
[Black "Fouliard, Matthieu"]
[Result "1-0"]
[WhiteElo "1499"]
[BlackElo "1391"]
[PlyCount "55"]
[EventDate "2012.08.14"]
[EventType "swiss"]
[EventRounds "11"]
[EventCountry "FRA"]
[SourceTitle "EXT 2014"]
[Source "ChessBase"]
[SourceDate "2013.11.20"]
[SourceVersion "1"]
[SourceVersionDate "2013.11.20"]
[SourceQuality "1"]

1. e4 e5 2. Nf3 Nc6 3. Bb5 Nge7 4. c3 g6 5. 0-0 Bg7 6. d4 exd4 7. cxd4 d5 8. e5 0-0 9. Bg5 f6 10. exf6 Bxf6 11. Bxf6 Rxf6 12. Ne5 Nxe5 13. dxe5 Rf5 14. Qd4 Nc6 15. Bxc6 bxc6 16. Nc3 Qg5 17. f4 Qh4 18. Nxd5 cxd5 19. Qxd5+ Kh8 20. Qxa8 Rf8 21. Qxa7 Rxf4 22. Qxc7 Be6 23. Rxf4 Qxf4 24. Qd8+ Bg8 25. Qf6+ Qxf6 26. exf6 Bc4 27. b3 Bd5 28. Rd1 1-0